Amplifier and oscillator circuit design / (Record no. 52134)
[ view plain ]
| 000 -LEADER | |
|---|---|
| fixed length control field | 00567nam a2200205Ia 4500 |
| 005 - DATE AND TIME OF LATEST TRANSACTION | |
| control field | 20260429112046.0 |
| 008 - FIXED-LENGTH DATA ELEMENTS--GENERAL INFORMATION | |
| fixed length control field | 260429s9999||||xx |||||||||||||| ||und|| |
| 020 ## - INTERNATIONAL STANDARD BOOK NUMBER | |
| International Standard Book Number | 9781836599340 |
| 041 ## - LANGUAGE CODE | |
| Language | English |
| 082 ## - DEWEY DECIMAL CLASSIFICATION NUMBER | |
| Classification number | 621.3815 |
| Item number | PHI |
| 100 ## - MAIN ENTRY--PERSONAL NAME | |
| Personal name | Phillips, Roger |
| 245 #0 - TITLE STATEMENT | |
| Title | Amplifier and oscillator circuit design / |
| Statement of responsibility, etc | Roger Phillips |
| 250 ## - EDITION STATEMENT | |
| Edition statement | 1st ed. |
| 260 ## - PUBLICATION, DISTRIBUTION, ETC. (IMPRINT) | |
| Place of publication, distribution, etc | Waltham Abbey Essesx : |
| Name of publisher, distributor, etc | Chapman Press, |
| Date of publication, distribution, etc | 2026. |
| 300 ## - PHYSICAL DESCRIPTION | |
| Extent | viii, 254 p.; hb |
| 650 ## - SUBJECT ADDED ENTRY--TOPICAL TERM | |
| Topical term or geographic name as entry element | Electronic circuit design |
| 650 ## - SUBJECT ADDED ENTRY--TOPICAL TERM | |
| Topical term or geographic name as entry element | Oscillators |
| 650 ## - SUBJECT ADDED ENTRY--TOPICAL TERM | |
| Topical term or geographic name as entry element | Amplifiers |
| 942 ## - ADDED ENTRY ELEMENTS (KOHA) | |
| Koha item type | Text Books |
| Withdrawn status | Lost status | Damaged status | Not for loan | Collection code | Home library | Location | Shelving location | Date of Cataloging | Source of acquisition | Total Checkouts | Full call number | Barcode | Date last seen | Price effective from | Koha item type |
|---|---|---|---|---|---|---|---|---|---|---|---|---|---|---|---|
| Non-fiction | CUTN Central Library | CUTN Central Library | Medicine, Technology & Management | 29/04/2026 | International Books Services, New Delhi - Invoice No. IBS/2025-2026/191 on 09-02-2026 | 621.3815 PHI | 57209 | 29/04/2026 | 29/04/2026 | Text Books |
